[Event "AUT-ch U14"]
[Site "Fuerstenfeld"]
[Date "2024.06.01"]
[Round "6"]
[White "Stoegerer, Konstantin"]
[Black "Taizhanov, Aissultan"]
[Result "0-1"]
[WhiteElo "1789"]
[BlackElo "1814"]
[PlyCount "50"]
[EventDate "2024.05.30"]
[EventType "swiss"]
[EventRounds "7"]
[EventCountry "AUT"]
[SourceTitle "CB23_2024"]
[SourceDate "2024.06.05"]
[SourceVersion "1"]
[SourceVersionDate "2024.06.05"]
[SourceQuality "1"]

1. d4 Nf6 2. Bf4 c6 3. e3 g5 4. Bxg5 Qa5+ 5. c3 Qxg5 6. Nf3 Qa5 7. Bd3 d5 8. Nbd2 Bg4 9. Qc2 Nbd7 10. Ne5 e6 11. f4 Nxe5 12. fxe5 Nd7 13. 0-0 Bh6 14. Rae1 Qd8 15. Bxh7 Qh4 16. Bd3 0-0-0 17. Nf3 Bxf3 18. gxf3 Rdg8+ 19. Kh1 Rg7 20. Qf2 Qh5 21. Rg1 Rxg1+ 22. Rxg1 Bxe3 23. Qg2 Bxg1 24. Kxg1 Nf8 25. Be2 Ng6 0-1

[Event "Fuerstenfeld U18 op 6th"]
[Site "Fuerstenfeld"]
[Date "2023.07.22"]
[Round "4"]
[White "Stoegerer, Konstantin"]
[Black "Pergel, Bence"]
[Result "1-0"]
[WhiteElo "1719"]
[BlackElo "1288"]
[PlyCount "79"]
[EventDate "2023.07.20"]
[EventType "swiss"]
[EventRounds "7"]
[EventCountry "AUT"]
[SourceTitle "CBM 215 Extra"]
[Source "ChessBase"]
[SourceDate "2023.09.30"]
[SourceVersion "1"]
[SourceVersionDate "2023.09.30"]
[SourceQuality "1"]

1. d4 d5 2. Bf4 Nc6 3. e3 Nf6 4. c3 a6 5. Bd3 Bg4 6. Nf3 e6 7. Nbd2 Bd6 8. Qc2 Bxf4 9. exf4 0-0 10. Ne5 Qd6 11. Nxg4 Nxg4 12. Bxh7+ Kh8 13. g3 g6 14. Bxg6 fxg6 15. Qxg6 Nf6 16. Nf3 Nh7 17. Qh5 Qe7 18. Ng5 Rf5 19. h4 Kg8 20. Kd2 Nxg5 21. hxg5 Qg7 22. Rae1 Nxd4 23. cxd4 Qxd4+ 24. Kc1 Rf7 25. Qg6+ Qg7 26. Qxg7+ Rxg7 27. Rxe6 Kf7 28. Rhh6 Rd8 29. Rhf6+ Kg8 30. Rg6 Rdd7 31. Rxg7+ Kxg7 32. f5 c5 33. Rg6+ Kf7 34. Rh6 Kg7 35. f6+ Kf7 36. Rh7+ Ke8 37. g6 Rd6 38. g7 Kf7 39. Rh8 Rxf6 40. g8Q+ 1-0

[Event "Fuerstenfeld U18 op 6th"]
[Site "Fuerstenfeld"]
[Date "2023.07.21"]
[Round "2"]
[White "Stoegerer, Konstantin"]
[Black "Wagner, Samuel"]
[Result "1/2-1/2"]
[WhiteElo "1719"]
[BlackElo "1380"]
[PlyCount "149"]
[EventDate "2023.07.20"]
[EventType "swiss"]
[EventRounds "7"]
[EventCountry "AUT"]
[SourceTitle "CBM 215 Extra"]
[Source "ChessBase"]
[SourceDate "2023.09.30"]
[SourceVersion "1"]
[SourceVersionDate "2023.09.30"]
[SourceQuality "1"]

1. d4 d5 2. Bf4 Nf6 3. e3 e6 4. Nf3 c5 5. c3 b6 6. Bb5+ Bd7 7. Bd3 Bc6 8. Nbd2 Bd6 9. Bg3 0-0 10. Ne5 Bb7 11. Bh4 Be7 12. 0-0 Nbd7 13. f4 Re8 14. Qc2 Nf8 15. Rf3 N6d7 16. Bxe7 Qxe7 17. Rh3 g6 18. Rf1 f6 19. Ng4 Kg7 20. Nh6 a6 21. f5 c4 22. Be2 exf5 23. Rxf5 Qe6 24. Rf4 f5 25. Rff3 Nf6 26. Rfg3 f4 27. Bg4 Nxg4 28. Rxg4 fxe3 29. Nf3 e2 30. Ne1 Bc8 31. Rgg3 Qe7 32. Nf5+ Bxf5 33. Qxf5 Rad8 34. Qf2 Rd6 35. Rf3 Rf6 36. Rxf6 Qxf6 37. Rf3 Qe6 38. Rg3 Nd7 39. Rf3 Nf6 40. Qg3 Ne4 41. Qc7+ Re7 42. Qf4 Rf7 43. Qe3 Rxf3 44. gxf3 Qh3 45. Qxe2 Ng5 46. Qe5+ Kh6 47. Qxd5 b5 48. Qc6 Qe6 49. Qxe6 Nxe6 50. Kf2 Kg5 51. Kg3 h5 52. h4+ Kf5 53. Nc2 Nc7 54. Ne3+ Kf6 55. Kf4 Ne6+ 56. Kg3 g5 57. hxg5+ Kxg5 58. d5 h4+ 59. Kh2 Nd8 60. Ng2 Nf7 61. Kh3 Kf5 62. Kxh4 Ke5 63. Kg4 Kxd5 64. Nf4+ Ke5 65. Ng6+ Kf6 66. Nh4 Ne5+ 67. Kg3 Nd3 68. b3 cxb3 69. axb3 Nc1 70. c4 Nxb3 71. cxb5 axb5 72. Ng2 b4 73. Ne1 Nc1 74. Nc2 Na2 75. Nxb4 1/2-1/2

[Event "AUT-ch U14"]
[Site "St Veit"]
[Date "2023.06.10"]
[Round "6"]
[White "Stoegerer, Konstantin"]
[Black "Aschenbrenner, Philip"]
[Result "1-0"]
[WhiteElo "1489"]
[BlackElo "1731"]
[PlyCount "71"]
[EventDate "2023.06.08"]
[EventType "swiss"]
[EventRounds "7"]
[EventCountry "AUT"]
[SourceTitle "EXT 2024"]
[Source "ChessBase"]
[SourceDate "2023.10.10"]
[SourceVersion "1"]
[SourceVersionDate "2023.10.10"]
[SourceQuality "1"]

1. d4 Nf6 2. Bf4 g6 3. Nc3 d5 4. e3 Bg7 5. Nf3 0-0 6. Bd3 b6 7. 0-0 Bb7 8. h3 Nbd7 9. Qe2 a6 10. Qd2 c5 11. Ne5 Rc8 12. Bh2 e6 13. f4 Nxe5 14. fxe5 Nd7 15. Nd1 Nb8 16. c3 Nc6 17. Nf2 h5 18. Qe2 c4 19. Bc2 Ne7 20. e4 b5 21. Bf4 dxe4 22. Nxe4 Bxe4 23. Bxe4 Nd5 24. Bxd5 Qxd5 25. Bg5 Rc7 26. Qe3 Kh7 27. Rf2 a5 28. g4 hxg4 29. hxg4 Rh8 30. Rh2+ Kg8 31. Rxh8+ Bxh8 32. a3 Rc8 33. Re1 Rc7 34. Qh3 Rc8 35. Re2 Bg7 36. Rh2 1-0